| 000 | 01068nam a2200277 u 4500 | ||
|---|---|---|---|
| 005 | 20260324064026.0 | ||
| 008 | 100310s2008 mx r 000 0 spa d | ||
| 020 | _a9789707853621 | ||
| 020 | _a9789706889348 (Colección Aula Nueva) | ||
| 035 | _aUPN01000175054 | ||
| 049 | _aCG | ||
| 050 | 4 |
_aLC1033.5 M6 _bG3.3 |
|
| 100 | 1 |
_aGarduño Rubio, Teresita del Niño Jesús _935524 |
|
| 245 | 1 | 4 |
_aUna educación basada en competencias / _cTere Garduño Rubio, María Elena Guerra y Sánchez. |
| 260 |
_aMéxico : _bSM, _c2008. |
||
| 300 |
_a253 p. : _bil., cuadros |
||
| 440 | 0 | _aAula nueva | |
| 590 | _a(También localizas un ejemplar en el "Area de Reserva") | ||
| 590 | _aBibliografía básica para el programa de Maestría en Educación básica, 2010 (BGTQ) | ||
| 650 | 4 |
_aEducación basada en competencias _zMéxico _914913 |
|
| 650 | 4 |
_aDiseño curricular _96719 |
|
| 650 | 4 |
_aReforma educativa _zMéxico _94075 |
|
| 650 | 4 |
_aMaestros _xFormación profesional _zMéxico _9796 |
|
| 700 | 1 |
_aGuerra y Sánchez, María Elena, _ecoaut. _943208 |
|
| 905 | _aLibro | ||
| 999 |
_c147158 _d147158 |
||